| 000 | 00554 a2200205 4500 | ||
|---|---|---|---|
| 005 | 20250328103652.0 | ||
| 008 | 250327b |||||||| |||| 00| 0 eng d | ||
| 020 |
_a9789357465304 _cRs. 899.00 |
||
| 040 | _aMAIN | ||
| 082 |
_a006.31 _bH788P(3) |
||
| 100 | _aHorstmann, Cay | ||
| 245 | _aPython for everyone: An Indian adaptation | ||
| 250 | _a3rd | ||
| 260 |
_bWiley India _aNew Delhi _c2024 |
||
| 300 | _axxii, 646 | ||
| 650 | _aComputer Science | ||
| 650 | _aPython-Computer Programming Language | ||
| 700 | _4Necaise, Rance | ||
| 942 | _cBK | ||
| 999 |
_c386633 _d386633 |
||